| 000 | 01209nam a22003137a 4500 | ||
|---|---|---|---|
| 001 | T0000004 | ||
| 003 | KOHA_MİRAKIL | ||
| 005 | 20260207004503.0 | ||
| 007 | ta | ||
| 008 | 190401b2010 xx |||grm|||#0|||0|tur | | ||
| 040 |
_aTR-BiSEU _btur _cTR-BiSEU _erda |
||
| 041 | 0 | _atur | |
| 050 | 0 | 0 |
_aTez _b4 |
| 100 | 1 | _aErken, Betül. | |
| 245 | 1 |
_aÇalışma ahlakının örgütsel vatandaşlık davranışı üzerine etkisi ve bir uygulama/ _cBetül Erken ; Betül Erken; danışman Muzaffer Aydemir. |
|
| 264 | 1 |
_aBilecik : _bBilecik Üniversitesi _c2010 |
|
| 300 | _aXI, 120 sayfa: tablo; 30 cm.+1 CD-ROM | ||
| 336 |
_ametin _btxt _2rdacontent |
||
| 337 |
_aaracısız _bn _2rdamedia |
||
| 338 |
_acilt _bnc _2rdacarrier |
||
| 500 | _aRef. No: 391587 | ||
| 500 | _aKaynakça var. | ||
| 500 | _aİngilizce Eser Adı: The effect of work ethichs on organizational citizenship behavior and an application | ||
| 502 | _aTez (Yüksek Lisans) -- Bilecik Üniversitesi Sosyal Bilimler Enstitüsü İşletme Anabilim Dalı, Bilecik, . | ||
| 650 | 0 |
_aÇalışma ahlakı--Otomativ sektörü. _9118778 |
|
| 650 | 0 |
_aWork ethics--Automotive sector. _9118779 |
|
| 856 | 4 | 0 | _uhttp://acikkaynak.bilecik.edu.tr/xmlui/handle/11552/68 |
| 907 | _aYüksek Lisans | ||
| 942 |
_2lcc _cTS |
||
| 999 |
_c64555 _d64555 |
||